[Event "BEL-chT 0304"]
[Site "Belgium"]
[Date "2003.12.23"]
[Round "5.8"]
[White "Thirion, Marcel"]
[Black "Filipek, Jakub"]
[Result "0-1"]
[WhiteElo "2148"]
[BlackElo "2357"]
[PlyCount "113"]
[EventDate "2003.10.01"]
[EventType "team-tourn"]
[EventRounds "11"]
[EventCountry "BEL"]
[SourceTitle "CBM 097 Extra"]
[Source "ChessBase"]
[SourceDate "2004.01.13"]
[SourceVersion "1"]
[SourceVersionDate "2004.01.13"]
[SourceQuality "1"]
[WhiteTeam "Eynatten II"]
[BlackTeam "Temse"]
[WhiteTeamCountry "BEL"]
[BlackTeamCountry "BEL"]

1. e4 c5 2. Nf3 e6 3. c4 b6 4. d4 cxd4 5. Nxd4 Bb7 6. Bd3 Bc5 7. Nb3 Be7 8. 0-0 d6 9. f4 Nc6 10. Nc3 Nf6 11. Be3 0-0 12. Nd4 Nxd4 13. Bxd4 Nd7 14. Qe2 e5 15. Be3 exf4 16. Bxf4 Ne5 17. Nd5 Bf6 18. Rad1 Bxd5 19. Bxe5 Bxe5 20. cxd5 Qh4 21. g3 Qh3 22. Bb5 g6 23. Rc1 Rac8 24. Ba6 Rce8 25. Bb5 Re7 26. Ba6 Rfe8 27. Qf2 h5 28. Rc2 Qg4 29. Qf3 Qxf3 30. Rxf3 Bd4+ 31. Kg2 Rxe4 32. Bb5 R8e7 33. b3 Kg7 34. Bd3 Re1 35. Rf1 R1e3 36. Bc4 f5 37. a4 Bc5 38. Rf3 R3e4 39. Rd2 Kf6 40. Rc2 h4 41. Rc1 Rd4 42. Rc2 Re5 43. Rc1 Rd2+ 44. Kh1 hxg3 45. Rxg3 g5 46. Rf1 Re3 47. Rg2 Rxg2 48. Kxg2 g4 49. Rf2 Rh3 50. Re2 Be3 51. Bb5 f4 52. Kf1 Rh7 53. Rc2 f3 54. Ke1 Bf4 55. Rc8 Rxh2 56. Rg8 g3 57. Bd7 0-1

[Event "BEL-chT 0304"]
[Site "Belgium"]
[Date "2003.11.02"]
[Round "3.5"]
[White "Filipek, Jakub"]
[Black "Van Uytven, Eric"]
[Result "1-0"]
[WhiteElo "2357"]
[BlackElo "2169"]
[PlyCount "67"]
[EventDate "2003.10.01"]
[EventType "team-tourn"]
[EventRounds "11"]
[EventCountry "BEL"]
[SourceTitle "EXT 2004"]
[Source "ChessBase"]
[SourceDate "2003.11.25"]
[SourceVersion "1"]
[SourceVersionDate "2003.11.25"]
[SourceQuality "1"]
[WhiteTeam "Temse"]
[BlackTeam "Boitsfort"]
[WhiteTeamCountry "BEL"]
[BlackTeamCountry "BEL"]

1. e4 c5 2. Nf3 e6 3. d4 cxd4 4. Nxd4 Nf6 5. Bd3 e5 6. Nf5 d5 7. exd5 Qxd5 8. 0-0 e4 9. Ne3 Qc6 10. Be2 Be6 11. Nc3 Nbd7 12. f3 Bc5 13. Kh1 0-0-0 14. Qe1 Ne5 15. fxe4 a6 16. Ned5 Nxe4 17. Nxe4 Bxd5 18. Bd3 Nxd3 19. cxd3 Bxe4 20. dxe4 Kb8 21. Rxf7 Rd7 22. Bf4+ Ka8 23. Rxd7 Qxd7 24. Rc1 Bb6 25. Qb4 Ka7 26. h3 Re8 27. e5 Qd4 28. Qxd4 Bxd4 29. b3 Kb6 30. Rc4 Bb2 31. a4 Re6 32. b4 Ka7 33. a5 Rc6 34. Rxc6 1-0

[Event "BEL-chT 0304"]
[Site "Belgium"]
[Date "2003.10.19"]
[Round "2.5"]
[White "Van den Brande, Werner"]
[Black "Filipek, Jakub"]
[Result "0-1"]
[WhiteElo "2248"]
[BlackElo "2357"]
[PlyCount "80"]
[EventDate "2003.10.01"]
[EventType "team-tourn"]
[EventRounds "11"]
[EventCountry "BEL"]
[SourceTitle "EXT 2004"]
[Source "ChessBase"]
[SourceDate "2003.11.25"]
[SourceVersion "1"]
[SourceVersionDate "2003.11.25"]
[SourceQuality "1"]
[WhiteTeam "Borgerhout"]
[BlackTeam "Temse"]
[WhiteTeamCountry "BEL"]
[BlackTeamCountry "BEL"]

1. e4 c5 2. Nf3 e6 3. d4 cxd4 4. Nxd4 Nf6 5. Nc3 d6 6. Be2 Nc6 7. Be3 Be7 8. 0-0 0-0 9. f4 e5 10. Nb3 exf4 11. Rxf4 Be6 12. Nd4 Ne5 13. Qd2 Nfd7 14. Rf2 Nb6 15. b3 Rc8 16. a4 a6 17. a5 Nbd7 18. Nf5 Bxf5 19. Rxf5 Bf6 20. Bd4 Nc6 21. Bxf6 Nxf6 22. Raf1 Ne8 23. Nd5 Nxa5 24. Qxa5 Qxa5 25. Ne7+ Kh8 26. Rxa5 Rxc2 27. Bc4 Nf6 28. e5 dxe5 29. Rxe5 Rd8 30. Rfe1 b5 31. Bf1 g6 32. h3 Kg7 33. R1e3 Kf8 34. Rf3 Rd6 35. Rd3 Re6 36. Rd8+ Kxe7 37. Rxe6+ Kxe6 38. Ra8 Rc6 39. Ra7 Nd5 40. g3 Nb4 0-1

[Event "Geraardsbergen op"]
[Site "Geraardsbergen"]
[Date "2003.08.16"]
[Round "6"]
[White "Van den Berg, Ad"]
[Black "Filipek, Jakub"]
[Result "1-0"]
[WhiteElo "2247"]
[BlackElo "2401"]
[PlyCount "81"]
[EventDate "2003.08.??"]
[EventType "swiss"]
[EventRounds "7"]
[EventCountry "BEL"]
[SourceTitle "EXT 2005"]
[Source "ChessBase"]
[SourceDate "2004.11.15"]
[SourceVersion "1"]
[SourceVersionDate "2004.11.15"]
[SourceQuality "1"]

1. e4 c5 2. Nc3 e6 3. Nf3 a6 4. g3 b5 5. Bg2 Bb7 6. d3 Ne7 7. 0-0 Nbc6 8. Re1 Ng6 9. h4 h5 10. b3 Qc7 11. Bb2 f6 12. Ne2 0-0-0 13. d4 cxd4 14. Nfxd4 Bc5 15. c3 Nge5 16. b4 Bb6 17. a4 bxa4 18. Qxa4 Nd3 19. Reb1 e5 20. b5 Nb8 21. Nf5 d5 22. Bh3 Rd7 23. bxa6 Bxa6 24. Ne7+ Kd8 25. Bxd7 Kxe7 26. Ba3+ Kf7 27. Bb5 Nxf2 28. Bxa6 Ng4+ 29. Kh1 Nf2+ 30. Kg2 Nxa6 31. Qxa6 Rb8 32. exd5 g5 33. hxg5 h4 34. gxh4 e4 35. Bc1 e3 36. Rxb6 Rxb6 37. Qa7 Rb7 38. Qxe3 Ng4 39. Qe6+ Kg6 40. Qxg4 f5 41. Qf4 1-0

[Event "Geraardsbergen op"]
[Site "Geraardsbergen"]
[Date "2003.08.14"]
[Round "1"]
[White "Filipek, Jakub"]
[Black "Feys, Bert"]
[Result "1-0"]
[WhiteElo "2401"]
[BlackElo "1888"]
[PlyCount "41"]
[EventDate "2003.08.??"]
[EventType "swiss"]
[EventRounds "7"]
[EventCountry "BEL"]
[SourceTitle "EXT 2005"]
[Source "ChessBase"]
[SourceDate "2004.11.15"]
[SourceVersion "1"]
[SourceVersionDate "2004.11.15"]
[SourceQuality "1"]

1. e4 e6 2. d4 d5 3. Nd2 Nf6 4. e5 Nfd7 5. Bd3 c5 6. c3 Nc6 7. Ne2 cxd4 8. cxd4 f6 9. Nf4 Nxd4 10. Qh5+ Ke7 11. Ng6+ hxg6 12. exf6+ Nxf6 13. Qxh8 Kf7 14. 0-0 e5 15. Nf3 Nxf3+ 16. gxf3 Nh5 17. Bd2 Qf6 18. Rfc1 Bh3 19. Rc7+ Be7 20. Qxa8 Qxf3 21. Rxe7+ 1-0

[Event "Brasschaat op 03rd"]
[Site "Brasschaat"]
[Date "2003.08.??"]
[Round "8"]
[White "Filipek, Jakub"]
[Black "Dutreeuw, Marc"]
[Result "0-1"]
[WhiteElo "2401"]
[BlackElo "2383"]
[PlyCount "130"]
[EventDate "2003.08.24"]
[EventType "swiss"]
[EventRounds "9"]
[EventCountry "BEL"]
[SourceTitle "EXT 2017"]
[Source "ChessBase"]
[SourceDate "2016.10.25"]
[SourceVersion "1"]
[SourceVersionDate "2016.10.25"]
[SourceQuality "1"]

1. e4 Nf6 2. e5 Nd5 3. d4 d6 4. Nf3 dxe5 5. Nxe5 c6 6. Bc4 Nd7 7. Nxd7 Qxd7 8. 0-0 Qg4 9. f3 Qg6 10. Qe2 Bf5 11. Bxd5 cxd5 12. Nc3 Qe6 13. Qb5+ Qd7 14. Qxd5 Qxd5 15. Nxd5 0-0-0 16. Ne3 Bg6 17. Rd1 f6 18. b3 e5 19. Bb2 exd4 20. Rxd4 Bd6 21. Rc4+ Kb8 22. Rd1 Bc7 23. Bd4 b6 24. g3 Rd7 25. Bb2 Rxd1+ 26. Nxd1 Rd8 27. Ne3 Rd2 28. a4 b5 29. Rxc7 Kxc7 30. axb5 Bxc2 31. Nxc2 Rxc2 32. Bd4 Kb7 33. b4 Rd2 34. Bc5 f5 35. f4 g6 36. Kh1 Ra2 37. Kg1 Rc2 38. h3 h5 39. Kh1 Ra2 40. Kg1 Rc2 41. Kh1 Rb2 42. Kg1 Re2 43. Kh1 Ra2 44. Kg1 Kc7 45. Bd4 Kd6 46. b6 axb6 47. Bxb6 Kd5 48. Bc5 Rb2 49. Kf1 Ke4 50. Ke1 Rg2 51. Bf2 Kf3 52. Bd4 Rxg3 53. b5 Kxf4 54. b6 Rb3 55. Kd2 Ke4 56. Kc2 Rb5 57. Kc3 g5 58. Kc4 Rb1 59. Bc5 Ke5 60. Bb4 Rc1+ 61. Kb5 Rc8 62. b7 Rb8 63. Kc6 Ke4 64. Bd6 Rxb7 65. Kxb7 f4 0-1

[Event "BEL-ch"]
[Site "Eupen"]
[Date "2003.07.11"]
[Round "7"]
[White "Ahn, Martin"]
[Black "Filipek, Jakub"]
[Result "1/2-1/2"]
[WhiteElo "2277"]
[BlackElo "2363"]
[PlyCount "27"]
[EventDate "2003.07.05"]
[EventType "swiss"]
[EventRounds "9"]
[EventCountry "BEL"]
[SourceTitle "CBM 095 Extra"]
[Source "ChessBase"]
[SourceDate "2003.09.04"]
[SourceVersion "1"]
[SourceVersionDate "2003.09.04"]
[SourceQuality "1"]

1. e4 c5 2. Nf3 e6 3. d4 cxd4 4. Nxd4 Nf6 5. Nc3 d6 6. Be2 Nc6 7. 0-0 Be7 8. Be3 0-0 9. f4 Bd7 10. Qe1 Qb8 11. a4 Nxd4 12. Bxd4 e5 13. Be3 Bc6 14. Bd3 1/2-1/2

[Event "La Fere op 2nd"]
[Site "La Fere"]
[Date "2003.07.02"]
[Round "7"]
[White "Filipek, Jakub"]
[Black "Parant, Frederic"]
[Result "1-0"]
[WhiteElo "2379"]
[BlackElo "2107"]
[PlyCount "125"]
[EventDate "2003.06.28"]
[EventType "swiss"]
[EventRounds "9"]
[EventCountry "FRA"]
[SourceTitle "EXT 2004"]
[Source "ChessBase"]
[SourceDate "2003.11.25"]
[SourceVersion "1"]
[SourceVersionDate "2003.11.25"]
[SourceQuality "1"]

1. e4 e6 2. d4 d5 3. Nd2 Nf6 4. e5 Nfd7 5. Bd3 c5 6. c3 Nc6 7. Ne2 cxd4 8. cxd4 f6 9. exf6 Qxf6 10. Nf3 h6 11. 0-0 Bd6 12. Bc2 0-0 13. Qd3 Rd8 14. Qh7+ Kf7 15. a3 Nf8 16. Qd3 Kg8 17. Nc3 Bd7 18. Ba4 Rac8 19. Re1 Be8 20. Bxc6 Rxc6 21. Bd2 a6 22. Ne5 Rc7 23. Qh3 Bxe5 24. Rxe5 Bf7 25. Qg3 Re7 26. Ne2 Ng6 27. Re3 Nh4 28. Rc3 Nf5 29. Qg4 Nd6 30. Bf4 Ne4 31. Rf3 Qg6 32. Qxg6 Bxg6 33. Rc1 Bh5 34. Re3 Bxe2 35. Rxe2 Kf7 36. Rec2 Nd6 37. a4 Red7 38. b3 Nf5 39. Be5 Re8 40. f3 Ne7 41. b4 Nf5 42. Kf2 Ree7 43. g4 Nd6 44. h4 Nc4 45. Rxc4 dxc4 46. Rxc4 b5 47. axb5 axb5 48. Rc5 Rd5 49. Rc6 g6 50. Ke3 Red7 51. Rb6 Rd8 52. Ke4 R8d7 53. f4 Rd8 54. Ra6 R8d7 55. h5 gxh5 56. f5 exf5+ 57. gxf5 Rd8 58. Rxh6 R5d7 59. Rxh5 Kg8 60. Rh8+ Kf7 61. Rh6 Rd5 62. Rb6 R8d7 63. Rc6 1-0

[Event "Ghent VSF-chA"]
[Site "Ghent"]
[Date "2003.06.09"]
[Round "7"]
[White "Filipek, Jakub"]
[Black "Daels, Marc"]
[Result "1/2-1/2"]
[WhiteElo "2413"]
[BlackElo "2290"]
[PlyCount "25"]
[EventDate "2003.05.29"]
[EventType "swiss"]
[EventRounds "7"]
[EventCountry "BEL"]
[SourceTitle "EXT 2004"]
[Source "ChessBase"]
[SourceDate "2003.11.25"]
[SourceVersion "1"]
[SourceVersionDate "2003.11.25"]
[SourceQuality "1"]

1. e4 c5 2. Nf3 Nc6 3. d4 cxd4 4. Nxd4 Nf6 5. Nc3 e5 6. Ndb5 d5 7. Bg5 a6 8. Na3 b5 9. Nxd5 Qa5+ 10. Bd2 Qd8 11. Bg5 Qa5+ 12. Bd2 Qd8 13. Bg5 1/2-1/2

[Event "Ghent VSF-chA"]
[Site "Ghent"]
[Date "2003.05.31"]
[Round "3"]
[White "Filipek, Jakub"]
[Black "Draftian, Ashote"]
[Result "1-0"]
[WhiteElo "2413"]
[BlackElo "2310"]
[PlyCount "61"]
[EventDate "2003.05.29"]
[EventType "swiss"]
[EventRounds "7"]
[EventCountry "BEL"]
[SourceTitle "EXT 2004"]
[Source "ChessBase"]
[SourceDate "2003.11.25"]
[SourceVersion "1"]
[SourceVersionDate "2003.11.25"]
[SourceQuality "1"]

1. e4 c5 2. Nf3 e6 3. d4 cxd4 4. Nxd4 a6 5. Bd3 Bc5 6. Nb3 Ba7 7. Qe2 Nc6 8. Be3 Bxe3 9. Qxe3 Nf6 10. f4 e5 11. Nc3 exf4 12. Qxf4 d6 13. 0-0-0 Ne5 14. Be2 Be6 15. Rd2 Bxb3 16. axb3 Qc7 17. Rhd1 0-0-0 18. g4 Rhe8 19. g5 Ng8 20. Qf5+ Kb8 21. Qxh7 g6 22. Qh4 Ne7 23. Qf2 N7c6 24. Nd5 Qa5 25. c3 Nd7 26. Qxf7 Nc5 27. b4 Nb3+ 28. Kc2 Qa4 29. Nb6 Nbd4+ 30. Kb1 Qb3 31. Bc4 1-0

[Event "BEL-chT 0203"]
[Site "Belgium"]
[Date "2003.03.23"]
[Round "11.5"]
[White "Filipek, Jakub"]
[Black "Klip, Hans"]
[Result "0-1"]
[WhiteElo "2416"]
[BlackElo "2361"]
[PlyCount "76"]
[EventDate "2002.10.06"]
[EventType "team-tourn"]
[EventRounds "11"]
[EventCountry "BEL"]
[SourceTitle "EXT 2004"]
[Source "ChessBase"]
[SourceDate "2003.11.25"]
[SourceVersion "1"]
[SourceVersionDate "2003.11.25"]
[SourceQuality "1"]
[WhiteTeam "Temse"]
[BlackTeam "Eupen Rochade"]
[WhiteTeamCountry "BEL"]
[BlackTeamCountry "BEL"]

1. e4 e5 2. Nf3 Nc6 3. Bb5 Nf6 4. 0-0 Bc5 5. Nxe5 Nxe5 6. d4 a6 7. Be2 Nxe4 8. dxc5 Nxc5 9. Be3 d6 10. f4 Nc6 11. Bf3 0-0 12. Bxc6 bxc6 13. Qf3 Bf5 14. Nc3 Bxc2 15. b4 Nd3 16. a3 Re8 17. Ra2 Qe7 18. Bd2 Bb3 19. Qxd3 Bxa2 20. Nxa2 Qe2 21. Qc3 Qe6 22. Nc1 Qd5 23. Rf3 Re4 24. Rd3 Rc4 25. Qb3 Qe6 26. Re3 Qd5 27. Rd3 Qe6 28. Ne2 d5 29. Ng3 c5 30. f5 Qb6 31. Rxd5 cxb4+ 32. Be3 Qc6 33. Qd3 Re8 34. Bd2 b3 35. Rd8 b2 36. Rxe8+ Qxe8 37. Bb4 Rc1+ 38. Kf2 b1Q 0-1

[Event "BEL-chT 0203"]
[Site "Belgium"]
[Date "2003.02.09"]
[Round "8.6"]
[White "Tiggelman, Rene"]
[Black "Filipek, Jakub"]
[Result "0-1"]
[WhiteElo "2179"]
[BlackElo "2416"]
[PlyCount "80"]
[EventDate "2002.10.06"]
[EventType "team-tourn"]
[EventRounds "11"]
[EventCountry "BEL"]
[SourceTitle "EXT 2004"]
[Source "ChessBase"]
[SourceDate "2003.11.25"]
[SourceVersion "1"]
[SourceVersionDate "2003.11.25"]
[SourceQuality "1"]
[WhiteTeam "Jean Jaures"]
[BlackTeam "Temse"]
[WhiteTeamCountry "BEL"]
[BlackTeamCountry "BEL"]

1. Nf3 Nf6 2. c4 g6 3. g3 Bg7 4. Bg2 0-0 5. 0-0 d6 6. Nc3 Nc6 7. Rb1 Bg4 8. h3 Bf5 9. d3 Qc8 10. Kh2 Bd7 11. e4 a6 12. Be3 b5 13. Nd5 bxc4 14. Nxf6+ Bxf6 15. dxc4 Na5 16. c5 Nc4 17. Bd4 e5 18. Bc3 Be6 19. Qa4 dxc5 20. b3 Nb6 21. Qa5 Nd7 22. Rfd1 Re8 23. Rbc1 h5 24. Bb2 Qb7 25. Rxd7 Bxd7 26. Rxc5 Qxe4 27. Bxe5 Be7 28. Nd4 Qb1 29. Rxc7 Rad8 30. Qxa6 Qe1 31. Qa7 Qxe5 32. Rxd7 Bc5 33. Nc6 Qe1 34. Rxd8 Bxa7 35. Rxe8+ Qxe8 36. Nxa7 Qe2 37. a4 Qxf2 38. Nc6 f5 39. a5 h4 40. gxh4 f4 0-1

[Event "Hoogeveen Essent op"]
[Site "Hoogeveen"]
[Date "2002.10.16"]
[Round "6"]
[White "Quinn, Mark"]
[Black "Filipek, Jakub"]
[Result "1-0"]
[WhiteElo "2429"]
[BlackElo "2374"]
[PlyCount "164"]
[EventDate "2002.10.11"]
[EventType "swiss"]
[EventRounds "9"]
[EventCountry "NED"]
[SourceTitle "CBM 090 Extra"]
[Source "ChessBase"]
[SourceDate "2002.11.07"]
[SourceVersion "1"]
[SourceVersionDate "2002.11.07"]
[SourceQuality "1"]

1. c4 Nf6 2. Nc3 g6 3. d4 Bg7 4. e4 0-0 5. f3 d6 6. Nge2 Nbd7 7. Be3 c5 8. Qd2 a6 9. Rd1 b6 10. Bh6 b5 11. Bxg7 Kxg7 12. dxc5 dxc5 13. e5 Ne8 14. h4 h5 15. Nf4 Qc7 16. Nxh5+ Kh7 17. Nf4 Qxe5+ 18. Be2 Nd6 19. 0-0 Nf5 20. Ne4 Qd4+ 21. Rf2 Ne3 22. Qxd4 cxd4 23. Rxd4 e5 24. Rxd7 Bxd7 25. Nf6+ Kg7 26. Nxd7 exf4 27. Nxf8 Kxf8 28. cxb5 axb5 29. a3 b4 30. axb4 Ra1+ 31. Kh2 Rb1 32. Bd3 Rd1 33. Ba6 Nf5 34. Rf1 Rd2 35. Kh3 Rxb2 36. b5 Ng3 37. Ra1 f5 38. Kh2 Rb4 39. Kg1 Kg7 40. Kf2 Rb2+ 41. Ke1 Kf6 42. Ra3 Ke5 43. Rd3 Rb1+ 44. Kd2 Nf1+ 45. Kc2 Rb4 46. Kc3 Rb1 47. Kc4 Ne3+ 48. Kc5 Rc1+ 49. Kb6 Nd5+ 50. Ka7 Rb1 51. Rd2 Rb3 52. Rc2 Nb4 53. Rc8 Rb2 54. Bb7 Ra2+ 55. Kb8 Rxg2 56. b6 Rh2 57. Rc4 Nd3 58. Bc6 Kd6 59. b7 Ne5 60. Kc8 Rb2 61. Rc2 Rxc2 62. b8Q+ Ke6 63. Qb3+ Rc4 64. Kb7 Kd6 65. Qa3+ Ke6 66. Bb5 Rd4 67. Qb3+ Kf6 68. Qc3 Rd5 69. Qc7 Ke6 70. Ba4 Rd3 71. Qb6+ Ke7 72. Qb4+ Ke6 73. Bb3+ Kd7 74. Ba4+ Ke6 75. Qxf4 Rxf3 76. Qd4 f4 77. Kc7 Rd3 78. Bd7+ Nxd7 79. Qxd3 Ne5 80. Qe4 f3 81. Qf4 Kd5 82. Kd8 Ke6 1-0

[Event "EU-Cup 18th"]
[Site "Kallithea"]
[Date "2002.09.27"]
[Round "6.3"]
[White "Filipek, Jakub"]
[Black "Spice, Alan"]
[Result "1-0"]
[WhiteElo "2373"]
[BlackElo "2171"]
[PlyCount "97"]
[EventDate "2002.09.22"]
[EventType "team-swiss"]
[EventRounds "7"]
[EventCountry "GRE"]
[SourceTitle "CBM 092"]
[Source "ChessBase"]
[SourceDate "2003.02.06"]
[SourceVersion "1"]
[SourceVersionDate "2003.02.06"]
[SourceQuality "1"]
[WhiteTeam "Temse"]
[BlackTeam "Cardiff"]
[WhiteTeamCountry "BEL"]
[BlackTeamCountry "WLS"]

1. d4 e6 2. c4 f5 3. g3 Nf6 4. Bg2 Be7 5. Nf3 d6 6. 0-0 0-0 7. Nc3 Qe8 8. Re1 Ne4 9. Qc2 Qg6 10. Be3 Nxc3 11. bxc3 Bf6 12. Bf4 Re8 13. e4 e5 14. dxe5 dxe5 15. Be3 f4 16. Bc5 Nd7 17. Ba3 Nf8 18. Rab1 Ne6 19. c5 Kh8 20. Red1 Qh5 21. c6 b6 22. Qa4 g5 23. Rd7 g4 24. Ne1 a6 25. Rbd1 f3 26. Bf1 b5 27. Qb3 Qg6 28. Qd5 Ng5 29. Bd3 Bxd7 30. cxd7 Red8 31. Bc2 Nh3+ 32. Kf1 Qg8 33. Qxg8+ Kxg8 34. Bb3+ Kg7 35. Be6 h5 36. Nxf3 a5 37. Bc5 Ra6 38. Bf5 Rc6 39. Rd5 b4 40. cxb4 gxf3 41. Bxh3 axb4 42. Bf5 b3 43. axb3 Ra8 44. Ke1 Bg5 45. b4 Ra1+ 46. Rd1 Rca6 47. Be3 Bxe3 48. d8Q Rxd1+ 49. Kxd1 1-0

[Event "EU-Cup 18th"]
[Site "Kallithea"]
[Date "2002.09.24"]
[Round "3.3"]
[White "Gustafsson, Jan"]
[Black "Filipek, Jakub"]
[Result "1-0"]
[WhiteElo "2542"]
[BlackElo "2373"]
[PlyCount "85"]
[EventDate "2002.09.22"]
[EventType "team-swiss"]
[EventRounds "7"]
[EventCountry "GRE"]
[SourceTitle "CBM 092"]
[Source "ChessBase"]
[SourceDate "2003.02.06"]
[SourceVersion "1"]
[SourceVersionDate "2003.02.06"]
[SourceQuality "1"]
[WhiteTeam "Hohenems"]
[BlackTeam "Temse"]
[WhiteTeamCountry "AUT"]
[BlackTeamCountry "BEL"]

1. d4 d5 2. c4 dxc4 3. Nf3 Nf6 4. e3 a6 5. Bxc4 b5 6. Bd3 Bb7 7. 0-0 e6 8. Qe2 Be7 9. Rd1 Nbd7 10. a4 c6 11. e4 Qc7 12. Bg5 h6 13. Bh4 Nh5 14. Bxe7 Nf4 15. Qe3 Kxe7 16. Bf1 Rhd8 17. Nc3 b4 18. Na2 a5 19. Nc1 g5 20. Nb3 Nf6 21. Ne5 Nd7 22. Nxd7 Rxd7 23. Rac1 Qb6 24. d5 Qxe3 25. fxe3 Ng6 26. Nc5 cxd5 27. Nxd7 Kxd7 28. exd5 exd5 29. Bb5+ Kd6 30. Rf1 Ne5 31. Rf6+ Ke7 32. Rxh6 Rc8 33. Rxc8 Bxc8 34. Rh8 Be6 35. Kf2 Kd6 36. Ra8 Nc4 37. Bxc4 dxc4 38. Ke2 Bd5 39. Rxa5 Bxg2 40. Rxg5 Be4 41. Kd2 f5 42. Rg8 Bd5 43. Rb8 1-0

[Event "EU-Cup 18th"]
[Site "Kallithea"]
[Date "2002.09.22"]
[Round "1.3"]
[White "Filipek, Jakub"]
[Black "Miroshnichenko, Evgenij"]
[Result "1-0"]
[WhiteElo "2373"]
[BlackElo "2525"]
[PlyCount "79"]
[EventDate "2002.09.22"]
[EventType "team-swiss"]
[EventRounds "7"]
[EventCountry "GRE"]
[SourceTitle "CBM 092"]
[Source "ChessBase"]
[SourceDate "2003.02.06"]
[SourceVersion "1"]
[SourceVersionDate "2003.02.06"]
[SourceQuality "1"]
[WhiteTeam "Temse"]
[BlackTeam "Momot Alexander"]
[WhiteTeamCountry "BEL"]
[BlackTeamCountry "UKR"]

1. e4 c5 2. Nf3 d6 3. d4 cxd4 4. Nxd4 Nf6 5. Nc3 a6 6. Bg5 Nbd7 7. Bc4 h6 8. Bh4 Ne5 9. Bb3 g5 10. Bg3 e6 11. Qe2 Bd7 12. 0-0-0 b5 13. h4 g4 14. f4 gxf3 15. Nxf3 b4 16. Nxe5 dxe5 17. Bxe5 bxc3 18. Rhf1 Bg7 19. Qf3 cxb2+ 20. Bxb2 0-0 21. Bxf6 Qxf6 22. Qxf6 Bxf6 23. Rxf6 Bc6 24. e5 Kg7 25. Rd2 h5 26. g4 Rh8 27. g5 Rhd8 28. Rdf2 Ra7 29. g6 fxg6 30. Rxe6 Be8 31. Rb6 a5 32. a4 Rc8 33. e6 Rc5 34. Rb8 Re7 35. Rd2 g5 36. Rdd8 Bg6 37. hxg5 Rxg5 38. Rd7 Kf6 39. Rf8+ Kg7 40. Rf1 1-0

[Event "Brasschaat op 02nd"]
[Site "Brasschaat"]
[Date "2002.08.??"]
[Round "2"]
[White "Fedukin, Alexandre"]
[Black "Filipek, Jakub"]
[Result "0-1"]
[WhiteElo "2273"]
[BlackElo "2416"]
[PlyCount "76"]
[EventDate "2002.08.??"]
[EventType "swiss"]
[EventRounds "7"]
[EventCountry "BEL"]
[SourceTitle "EXT 2005"]
[Source "ChessBase"]
[SourceDate "2004.11.15"]
[SourceVersion "1"]
[SourceVersionDate "2004.11.15"]
[SourceQuality "1"]

1. c4 Nf6 2. Nc3 e5 3. Nf3 Nc6 4. e4 Bc5 5. Nxe5 Nxe5 6. d4 Bd6 7. dxe5 Bxe5 8. Bd3 d6 9. h3 0-0 10. Be3 Re8 11. Qc2 Nh5 12. 0-0-0 Nf4 13. Bf1 c6 14. g3 Nh5 15. Be2 Nf6 16. Bd4 Qe7 17. f4 Bxd4 18. Rxd4 c5 19. Rd3 Bd7 20. Bf3 Bc6 21. Re1 Qe6 22. g4 Qxc4 23. Rxd6 Rad8 24. Be2 Qb4 25. a3 Qa5 26. Rxd8 Rxd8 27. Bd3 b5 28. Rd1 b4 29. axb4 cxb4 30. Nb1 Bb7 31. e5 Nd5 32. Bc4 Rc8 33. Rd4 b3 34. Qxb3 Qe1+ 35. Rd1 Rxc4+ 36. Nc3 Qe3+ 37. Kb1 Nxc3+ 38. Qxc3 Qe4+ 0-1

[Event "Brasschaat op 02nd"]
[Site "Brasschaat"]
[Date "2002.08.??"]
[Round "5"]
[White "Filipek, Jakub"]
[Black "Maes, Wim"]
[Result "1/2-1/2"]
[WhiteElo "2373"]
[BlackElo "2270"]
[PlyCount "84"]
[EventDate "2002.08.??"]
[EventType "swiss"]
[EventRounds "7"]
[EventCountry "BEL"]
[SourceTitle "EXT 2005"]
[Source "ChessBase"]
[SourceDate "2004.11.15"]
[SourceVersion "1"]
[SourceVersionDate "2004.11.15"]
[SourceQuality "1"]

1. e4 c5 2. Nf3 e6 3. d4 cxd4 4. Nxd4 a6 5. Bd3 Qc7 6. Qe2 d6 7. f4 Nf6 8. Nd2 Nbd7 9. N2b3 b6 10. g4 Nc5 11. Nxc5 bxc5 12. Nb3 Bb7 13. c4 Be7 14. g5 Nd7 15. Rg1 Nb8 16. Bd2 Nc6 17. Bc3 e5 18. f5 0-0-0 19. Qf2 f6 20. h4 Kb8 21. 0-0-0 Ka8 22. Bd2 Rb8 23. gxf6 Bxf6 24. Bg5 a5 25. Rg3 Rhf8 26. Bc2 Ba6 27. Nxc5 dxc5 28. Qxc5 Bxg5+ 29. hxg5 Rfc8 30. Rd6 Qa7 31. Qxa7+ Kxa7 32. b3 Nd4 33. Rh3 Bxc4 34. bxc4 Rxc4 35. Rh2 Rbc8 36. Rxd4 Rxd4 37. Rxh7 Rdc4 38. Rxg7+ Kb6 39. Rg6+ Kb7 40. Rg7+ Kb6 41. Rg6+ Kb7 42. Rg7+ Kb6 1/2-1/2

[Event "Brasschaat op 02nd"]
[Site "Brasschaat"]
[Date "2002.08.??"]
[Round "3"]
[White "Filipek, Jakub"]
[Black "Van den Brande, Werner"]
[Result "1-0"]
[WhiteElo "2373"]
[BlackElo "2261"]
[PlyCount "61"]
[EventDate "2002.08.??"]
[EventType "swiss"]
[EventRounds "7"]
[EventCountry "BEL"]
[SourceTitle "EXT 2005"]
[Source "ChessBase"]
[SourceDate "2004.11.15"]
[SourceVersion "1"]
[SourceVersionDate "2004.11.15"]
[SourceQuality "1"]

1. e4 c5 2. Nf3 e6 3. d4 cxd4 4. Nxd4 Nf6 5. Nc3 d6 6. g4 h6 7. h4 Be7 8. g5 hxg5 9. Bxg5 Nc6 10. Qd2 Qb6 11. Nb3 a6 12. 0-0-0 Bd7 13. Be3 Qc7 14. f4 0-0-0 15. Qg2 Be8 16. Na4 Nd7 17. Qxg7 Rxh4 18. Rxh4 Bxh4 19. Qg1 Kb8 20. Kb1 Rc8 21. Nb6 Nxb6 22. Bxb6 Qe7 23. a3 Qf8 24. e5 dxe5 25. Nc5 exf4 26. Rd7 Nd8 27. Qd4 Ka8 28. Bxa6 Bxd7 29. Nxd7 Qe7 30. Bb5 Nc6 31. Qa4+ 1-0

[Event "Brasschaat op 02nd"]
[Site "Brasschaat"]
[Date "2002.08.??"]
[Round "1"]
[White "Filipek, Jakub"]
[Black "Verlinden, Patrick"]
[Result "1-0"]
[WhiteElo "2416"]
[BlackElo "1820"]
[PlyCount "73"]
[EventDate "2002.08.??"]
[EventType "swiss"]
[EventRounds "7"]
[EventCountry "BEL"]
[SourceTitle "EXT 2005"]
[Source "ChessBase"]
[SourceDate "2004.11.15"]
[SourceVersion "1"]
[SourceVersionDate "2004.11.15"]
[SourceQuality "1"]

1. b4 d5 2. Bb2 e6 3. e3 Nf6 4. a3 Bd6 5. Nf3 Nbd7 6. c4 dxc4 7. Bxc4 c5 8. bxc5 Bxc5 9. Qc2 b6 10. d4 Bd6 11. e4 Be7 12. e5 Nd5 13. Bxd5 exd5 14. Qc6 Ba6 15. Qxd5 Rc8 16. Nc3 0-0 17. h4 Rc7 18. Qe4 Re8 19. Rc1 Qc8 20. Kd2 Rc4 21. Ng5 Nf8 22. Nd5 Bb7 23. Nxe7+ Rxe7 24. Qd3 Rxc1 25. Rxc1 Qd7 26. f3 Qd5 27. Ne4 Qa5+ 28. Qc3 Qd5 29. Qc4 Rxe5 30. Qxd5 Rxd5 31. Ke3 Ne6 32. g4 f6 33. f4 Kf7 34. f5 Nxd4 35. Rc7+ Ke8 36. Bxd4 Rd7 37. Rxb7 1-0